QAnon - a quasi-religious formation

Elmentve itt :
Bibliográfiai részletek
Szerző: Nemes Márk
Testületi szerző: IV. Interdiszciplináris Vallástudományi Hallgatói Konferencia
Dokumentumtípus: Könyv része
Megjelent: Szegedi Tudományegyetem Bölcsészet- és Társadalomtudományi Kar Vallástudományi Tanszék Szeged 2023
Sorozat:Interdiszciplináris vallástudományi hallgatói konferencia : tanulmánykötet 4
Kulcsszavak:Társadalmi mozgalom - USA - 21. sz., Összeesküvés-elméletek
Tárgyszavak:
Online Access:http://acta.bibl.u-szeged.hu/84514
LEADER 01117naa a2200241 i 4500
001 acta84514
005 20240314090849.0
008 240314s2023 hu o 1|| eng d
020 |a 978-963-306-945-5 
040 |a SZTE Egyetemi Kiadványok Repozitórium  |b hun 
041 |a eng 
100 1 |a Nemes Márk 
245 1 0 |a QAnon - a quasi-religious formation  |h [elektronikus dokumentum] /  |c  Nemes Márk 
260 |a Szegedi Tudományegyetem Bölcsészet- és Társadalomtudományi Kar Vallástudományi Tanszék  |b Szeged  |c 2023 
300 |a 102-116 
490 0 |a Interdiszciplináris vallástudományi hallgatói konferencia : tanulmánykötet  |v 4 
650 4 |a Társadalomtudományok 
650 4 |a Szociológia 
650 4 |a Bölcsészettudományok 
650 4 |a Filozófia, etika és vallástudományok 
695 |a Társadalmi mozgalom - USA - 21. sz., Összeesküvés-elméletek 
711 |a IV. Interdiszciplináris Vallástudományi Hallgatói Konferencia  |c Szeged  |d 2022. április 22-23. 
856 4 0 |u http://acta.bibl.u-szeged.hu/84514/1/2022_iv_interdiszciplinaris_vallastudomanyi_konf_tan_102-116.pdf  |z Dokumentum-elérés